Tratado sobre limites y libre navegacion y convenio sobre modus vivendi en el Río Putumayo entre las repúblicas de Colombia y del Brasil. (Registro nro. 242572)

Detalles MARC
000 -ENCABEZADO
Número de control [NR] 01922cam a2200265Ma 4500
005 - FECHA Y HORA DE LA ÚLTIMA TRANSACCIÓN
control field 20140903175112.0
008 - DE LONGITUD FIJA DE DATOS DE ELEMENTOS - INFORMACIÓN GENERAL
Elementos de longitud fija [NR] 010123s1908 ck b fr 001 0 spa d
035 ## - NUMERO DE CONTROL DEL SISTEMA [R]
Número de control del sistema [NR] (OCoLC)822588357
040 ## - FUENTE DE CATALOGACION [NR]
Agencia de catalogación original [NR] CHUNN
Idioma de catalogación [NR] spa
Quien Cataloga Sandra Yazo
Quien Clasifica Sandra Yazo
-- Sandra Yazo
041 0# - CODIGO DE IDIOMA [R]
Código de idioma para texto/pista de sonido o título separado [R] Español
082 04 - NUMERO DE CLASIFICACION DECIMAL DEWEY [R]
Número de la edición [NR] 327.8600981
Número de clasificación [R] 20
092 ## - SIGNATURA TOPOGRAFICA LOCAL
Número de clasificación local E29N020
110 1# - ASIENTO PRINCIPAL--NOMBRE CORPORATIVO [NR]
Nombre corporativo o de jurisdicción como elemento de entrada [NR] Colombia
Unidad subordinada [R] Ministerio de Relaciones Exteriores
ID de autoridad 4048
245 10 - MENCION DE TITULO [NR]
Título [NR] Tratado sobre limites y libre navegacion y convenio sobre modus vivendi en el Río Putumayo entre las repúblicas de Colombia y del Brasil.
250 ## - MENCION DE EDICION [NR]
Mención de edición [NR] Edición oficial oficial
260 ## - PUBLICACION, DISTRIBUCION, ETC. (PIE DE IMPRENTA) [R]
Lugar de publicación, distribución, etc. [R] Bogotá (Colombia)
Nombre del editor, distribuidor, etc. [R] Imprenta nacional
Fecha de publicación, distribución, etc. [R] 1908
300 ## - DESCRIPCION FISICA [R]
Extensión [R] iv, 121 páginas, [1] hoja plegada
Otros detalles físicos [NR] mapas
Dimensiones [R] 24 x 16 cm
500 ## - NOTA GENERAL [R]
Nota general [NR] Detalles físicos: Encuadernación rígida en cartón forrado en cuero, lomo en tela encolada. Portada impresa en una tinta. En la página 16 un mapa plegado. Texto impreso en una columna con varios tipos de letra. Papel manchado. Página 63 rota.
505 ## - NOTA DE CONTENIDO CON FORMATO PREESTABLECIDO [R]
Nota de contenido con formato preestablecido [NR] Notas relativas a las negociaciones sobre arreglo de frontera. ; Tratado entre Colombia y el Brasil. ; Tratado entre o Brasil e a Colombia. ; Convenio de modus vivendi en el Putumayo entre Colombia y el Brasil. ; Accordo de Modus vivendi sobre o Putumayo entre Brasil e Colombia. ; Exposición a la honorable Asamblea Nacional Constituyente y legislativa. ; Informe de la Comisión especial nombrada por la Asamblea Nacional Constituyente y Legislativa para el estudio del tratado entre Colombia y el Brasil. ; Informe del Comisionado Luis Cuervo Márquez Referente a la línea Marachí o Mara-hí. ; Segunda exposición del Sr. Ministerio de Relaciones Exteriores - Replica al honorable Diputado Cuervo Márquez.
506 ## - NOTA DE RESTRICCIONES DE ACCESO [R]
Condiciones de acceso [NR] Consulta en sala
651 #7 - ASIENTO SECUNDARIO DE MATERIA - NOMBRE GEOGRAFICO [R]
Nombre geográfico [NR] Colombia
Subdivisión general [R] Frontera
Subdivisión geográfica [R] Brasil
9 (RLIN) 60640
651 #7 - ASIENTO SECUNDARIO DE MATERIA - NOMBRE GEOGRAFICO [R]
Nombre geográfico [NR] Colombia
Subdivisión general [R] Relaciones internacionales
Subdivisión geográfica [R] Brasil
9 (RLIN) 60639
690 ## - ASUNTO AGREGADO LOCAL DE ENTRADA - TÉRMINO TEMÁTICO (OCLC, RLIN)
Acceso temático local Ciencias politicas
942 ## - ELEMENTOS DE ENTRADA AGREGADOS (KOHA)
Tema principal 6
Tipo de ítem principal el descrito en 300a Libro
Edición 1
Existencias
Suprimido Perdido Sistema de clasificación Dañado No prestable Tipo de ítem específico Ubicación habitual Ubicación actual Localización Fecha de creación Forma de adquisición Costo Total préstamos Signatura topográfica Código de barras Última vez visto Ejemplar Price effective from Tipo de ítem
    LOCAL     Libro archivo Archivo Histórico Archivo Histórico Archivo histórico 06/05/2014 Donación 0.00   E29N020 L004108 06/05/2014 Ej.1 06/05/2014 Libro